[Event "Junior Online 4NCL Division 1"]
[Site "online"]
[Date "2020.04.16"]
[Round "1.71"]
[White "Maladkar, Lavanya"]
[Black "Verma, Shlok"]
[Result "1-0"]
[WhiteElo "1757"]
[BlackElo "1915"]
[PlyCount "123"]
[EventDate "2020.04.16"]
[WhiteTeam "Maid Marians 1"]
[BlackTeam "The Numerators"]

1. d4 d5 2. c4 dxc4 3. e4 e5 4. d5 Nf6 5. Nc3 Bc5 6. h3 O-O 7. Bxc4 Bb4 8. Nge2
Nxe4 9. O-O Nd6 10. Bb3 Nd7 11. a3 Ba5 12. Bc2 Nf6 13. b4 Bb6 14. Na4 Bf5 15.
Nxb6 axb6 16. Bb3 Nde4 17. Bb2 Re8 18. Nc3 Nxc3 19. Bxc3 Be4 20. Re1 Bxd5 21.
Bxe5 Bxb3 22. Qxb3 Qd5 23. Qxd5 Nxd5 24. Rac1 c6 25. Bb2 Kf8 26. Kf1 Nf4 27.
Rxe8+ Rxe8 28. Rd1 Nd5 29. g3 f6 30. Bd4 Kf7 31. Re1 Rxe1+ 32. Kxe1 Ke6 33. Ke2
Kd6 34. Kd3 c5 35. bxc5+ bxc5 36. Bb2 b5 37. f4 Ne7 38. g4 c4+ 39. Ke4 Nd5 40.
g5 c3 41. Ba1 Kc5 42. gxf6 Nxf6+ 43. Kd3 Nd5 44. f5 b4 45. axb4+ Kxb4 46. h4
Kb3 47. Bxc3 Nxc3 48. h5 Kb4 49. h6 Nd5 50. hxg7 Nf6 51. Kd4 h5 52. Ke5 Ng8 53.
f6 Nh6 54. Ke6 h4 55. f7 h3 56. f8=Q+ Kc4 57. Qf1+ Kd4 58. Qxh3 Ng8 59. Kf7 Ke5
60. Kxg8 Kf6 61. Kh8 Ke7 62. g8=Q 1-0

[Event "Junior Online 4NCL Division 1"]
[Site "online"]
[Date "2020.04.16"]
[Round "1.72"]
[White "Dupuis, Denis K"]
[Black "Wang, Susie"]
[Result "1-0"]
[WhiteElo "1877"]
[BlackElo "1757"]
[PlyCount "95"]
[EventDate "2020.04.16"]
[WhiteTeam "The Numerators"]
[BlackTeam "Maid Marians 1"]

1. e4 e5 2. Nf3 Nc6 3. Bc4 Bc5 4. c3 Nf6 5. d4 exd4 6. cxd4 Bb4+ 7. Bd2 Bxd2+
8. Nbxd2 d5 9. exd5 Nxd5 10. Qb3 Nce7 11. O-O O-O 12. Rfe1 c6 13. Ne4 Qb6 14.
Nd6 Qxb3 15. Bxb3 Rd8 16. Nxc8 Raxc8 17. Rac1 h6 18. a3 Ng6 19. g3 Nf8 20. Bxd5
Rxd5 21. Re7 Rd7 22. Rxd7 Nxd7 23. d5 Nb6 24. dxc6 Rxc6 25. Rxc6 bxc6 26. Nd4
c5 27. Nc6 a6 28. Nb8 a5 29. Na6 c4 30. Nc5 Kf8 31. Kf1 Ke7 32. Ke2 a4 33. Ke3
Kd6 34. Kd4 f6 35. Ne4+ Kc6 36. Nd2 Kb5 37. Nf3 Kc6 38. Nh4 Kb5 39. Nf5 g5 40.
Nxh6 Nd7 41. Ng4 f5 42. Nh6 f4 43. gxf4 gxf4 44. Nf5 Nf6 45. Nd6+ Kc6 46. Nxc4
Ng4 47. Ne5+ Nxe5 48. Kxe5 1-0

[Event "Junior Online 4NCL Division 1"]
[Site "online"]
[Date "2020.04.16"]
[Round "1.73"]
[White "Maladkar, Ritika"]
[Black "Agrawal, Shivam"]
[Result "0-1"]
[WhiteElo "1765"]
[BlackElo "1795"]
[PlyCount "112"]
[EventDate "2020.04.16"]
[WhiteTeam "Maid Marians 1"]
[BlackTeam "The Numerators"]

1. c4 c5 2. Nc3 g6 3. g3 Bg7 4. Bg2 Nc6 5. e3 e6 6. Nge2 Nge7 7. O-O b6 8. d4
cxd4 9. exd4 d5 10. cxd5 exd5 11. Be3 Bb7 12. Rc1 O-O 13. Nf4 Na5 14. b3 g5 15.
Nh5 h6 16. Qf3 f5 17. Nxg7 Kxg7 18. Nb5 Nac6 19. h4 gxh4 20. Qh5 Rf6 21. Qxh4
Ng8 22. Bf4 Rg6 23. Nc7 Qxh4 24. gxh4 Rd8 25. Kh2 Nxd4 26. Be5+ Nf6 27. Bxd4
Kf7 28. Nb5 Rg4 29. Kh3 a6 30. Nc3 Rxd4 31. Rcd1 Rxd1 32. Rxd1 Rd7 33. Na4 Rd6
34. Kg3 h5 35. Kf4 Kg6 36. Ke5 Rd8 37. Nxb6 Ng4+ 38. Kf4 Nxf2 39. Rd2 Ne4 40.
Rd3 Rd6 41. Nc4 dxc4 42. Rxd6+ Nxd6 43. Bxb7 Nxb7 44. bxc4 Kf6 45. Ke3 Ke5 46.
a3 a5 47. a4 Nc5 48. Kf3 Nxa4 49. Ke3 Nc5 50. Kd2 a4 51. Kc2 f4 52. Kd2 a3 53.
Kc3 f3 54. Kb4 Ne6 55. Kb5 f2 56. c5 f1=Q+ 0-1

[Event "Junior Online 4NCL Division 1"]
[Site "online"]
[Date "2020.04.16"]
[Round "1.74"]
[White "Vaidya, Raghav"]
[Black "Arlachova, Alexandra"]
[Result "1-0"]
[WhiteElo "1667"]
[BlackElo "1510"]
[PlyCount "109"]
[EventDate "2020.04.16"]
[WhiteTeam "The Numerators"]
[BlackTeam "Maid Marians 1"]

1. c4 e5 2. Nc3 Nc6 3. Nf3 Nf6 4. e4 Bc5 5. Nxe5 Nxe5 6. d4 Bxd4 7. Qxd4 Nc6 8.
Qd1 Qe7 9. Bd3 d6 10. Bg5 h6 11. Nd5 Qd8 12. Bxf6 gxf6 13. Bc2 Rg8 14. g3 Bg4
15. f3 Be6 16. Qd2 Bxd5 17. cxd5 Ne5 18. Rf1 Qe7 19. Qxh6 O-O-O 20. O-O-O Rh8
21. Qd2 Nc4 22. Qe2 Ne5 23. Bb3 Qf8 24. Kb1 Qh6 25. Rf2 Rdg8 26. Rc1 Qf8 27.
Qe3 Kb8 28. Rfc2 Qg7 29. Rxc7 Rc8 30. Qc3 Qg8 31. Rxc8+ Qxc8 32. Qxc8+ Rxc8 33.
Rxc8+ Kxc8 34. Bd1 Nd3 35. Kc2 Nf2 36. h4 Nh3 37. f4 Kd8 38. Kd2 Ke8 39. Ke3
Kf8 40. Kf3 Kg7 41. Kg2 Nxf4+ 42. gxf4 Kg6 43. Kg3 Kh6 44. Kg4 Kg6 45. h5+ Kg7
46. Kf5 b6 47. h6+ Kxh6 48. Kxf6 Kh7 49. Kxf7 a5 50. e5 dxe5 51. fxe5 b5 52. d6
b4 53. d7 a4 54. d8=Q Kh6 55. Qh4# 1-0

[Event "Junior Online 4NCL Division 1"]
[Site "online"]
[Date "2020.04.16"]
[Round "1.75"]
[White "Verma, Shlok"]
[Black "Maladkar, Lavanya"]
[Result "1-0"]
[WhiteElo "1915"]
[BlackElo "1757"]
[PlyCount "139"]
[EventDate "2020.04.16"]
[WhiteTeam "The Numerators"]
[BlackTeam "Maid Marians 1"]

1. d4 Nf6 2. c4 e6 3. Nf3 b6 4. g3 Bb4+ 5. Bd2 Bxd2+ 6. Nbxd2 Bb7 7. Bg2 O-O 8.
O-O d6 9. Qc2 Nbd7 10. Rfe1 Rc8 11. e4 c5 12. e5 dxe5 13. dxe5 Ne8 14. Rad1 Qc7
15. Ng5 g6 16. Bxb7 Qxb7 17. Qc3 h6 18. Nge4 Qc7 19. Nf3 Qc6 20. Qd2 Rd8 21.
Qxh6 Ng7 22. Nfg5 Rfe8 23. Nf6+ Kf8 24. Qh8+ Ke7 25. Qxg7 Nxe5 26. Nd5+ exd5
27. Rxe5+ Kd7 28. Rexd5+ Kc8 29. Rxd8+ Rxd8 30. Rxd8+ Kxd8 31. Qf8+ Kc7 32.
Qxf7+ Kb8 33. Qf8+ Kc7 34. Qe7+ Kc8 35. Qe6+ Qxe6 36. Nxe6 Kd7 37. Nf4 g5 38.
Nd3 Ke6 39. h4 gxh4 40. gxh4 Kf5 41. f4 Kg4 42. Kg2 Kxh4 43. Kf3 Kh5 44. Ke4
Kg6 45. Kd5 Kf6 46. Kc6 Kf5 47. Kb7 Ke4 48. Kxa7 Kxd3 49. Kxb6 Kxc4 50. f5 Kd5
51. a4 c4 52. a5 Ke5 53. a6 Kxf5 54. a7 Ke4 55. a8=Q+ Kd3 56. Qa3+ Kd4 57. Qc3+
Kd5 58. Kb5 Kd6 59. Qxc4 Ke5 60. Qd3 Ke6 61. Kc6 Ke5 62. Qd5+ Kf4 63. Qe6 Kf3
64. Kd5 Kf4 65. Qe4+ Kg3 66. Qf5 Kh4 67. Qg6 Kh3 68. Ke4 Kh4 69. Kf3 Kh3 70.
Qh5# 1-0

[Event "Junior Online 4NCL Division 1"]
[Site "online"]
[Date "2020.04.16"]
[Round "1.76"]
[White "Wang, Susie"]
[Black "Dupuis, Denis K"]
[Result "0-1"]
[WhiteElo "1757"]
[BlackElo "1877"]
[PlyCount "46"]
[EventDate "2020.04.16"]
[WhiteTeam "Maid Marians 1"]
[BlackTeam "The Numerators"]

1. e4 e5 2. Nf3 Nc6 3. Bb5 f5 4. d3 fxe4 5. dxe4 Nf6 6. Bxc6 bxc6 7. Nc3 Bc5 8.
O-O d6 9. Qd3 O-O 10. Qc4+ Kh8 11. Nxe5 Bxf2+ 12. Rxf2 dxe5 13. Qxc6 Rb8 14.
Be3 Bb7 15. Qc4 a6 16. Rd1 Qe7 17. Bc5 Qf7 18. Nd5 Bxd5 19. Rxd5 c6 20. Bxf8
cxd5 21. Qxd5 Rxf8 22. Qxe5 Qxa2 23. Qe6 Qxe6 0-1

[Event "Junior Online 4NCL Division 1"]
[Site "online"]
[Date "2020.04.16"]
[Round "1.77"]
[White "Agrawal, Shivam"]
[Black "Maladkar, Ritika"]
[Result "1-0"]
[WhiteElo "1795"]
[BlackElo "1765"]
[PlyCount "75"]
[EventDate "2020.04.16"]
[WhiteTeam "The Numerators"]
[BlackTeam "Maid Marians 1"]

1. d4 Nf6 2. c4 g6 3. Nc3 Bg7 4. e4 d6 5. f4 b6 6. Nf3 Nbd7 7. e5 dxe5 8. dxe5
Ng8 9. Ng5 h6 10. Nxf7 Kxf7 11. Qd5+ e6 12. Qxa8 Nc5 13. Bd2 Ne7 14. O-O-O Qe8
15. Nb5 Ne4 16. Qxe4 Qc6 17. Qxc6 Nxc6 18. g3 Bb7 19. Bg2 Rd8 20. Bc3 a6 21.
Nxc7 Bf8 22. Rxd8 Nxd8 23. Bxb7 Nxb7 24. Nxa6 Na5 25. Bxa5 bxa5 26. Rd1 a4 27.
a3 g5 28. c5 Kg6 29. c6 Kf5 30. c7 Be7 31. c8=Q Kg4 32. Qxe6+ Kf3 33. Qxe7 Kg2
34. Qc7 Kxh2 35. Qc2+ Kxg3 36. fxg5 hxg5 37. Rg1+ Kh4 38. Qh2# 1-0

[Event "Junior Online 4NCL Division 1"]
[Site "online"]
[Date "2020.04.16"]
[Round "1.78"]
[White "Arlachova, Alexandra"]
[Black "Vaidya, Raghav"]
[Result "0-1"]
[WhiteElo "1510"]
[BlackElo "1667"]
[PlyCount "102"]
[EventDate "2020.04.16"]
[WhiteTeam "Maid Marians 1"]
[BlackTeam "The Numerators"]

1. e4 c5 2. Nf3 Nc6 3. Nc3 Nf6 4. d4 cxd4 5. Nxd4 e5 6. Nxc6 bxc6 7. Bc4 Bb4 8.
Bd2 O-O 9. O-O Re8 10. Re1 d6 11. a3 Bg4 12. f3 Bc5+ 13. Be3 Bxe3+ 14. Rxe3 Be6
15. Bxe6 fxe6 16. Rd3 Qb6+ 17. Kh1 d5 18. Na4 Qa5 19. b3 dxe4 20. fxe4 Nxe4 21.
Rf3 Rf8 22. Qd7 Qd5 23. Qxd5 exd5 24. b4 Rxf3 25. gxf3 Ng5 26. Kg2 Rf8 27. Rf1
e4 28. fxe4 Rxf1 29. Kxf1 Nxe4 30. Ke2 Kf7 31. Nb2 Ke6 32. Nd3 g5 33. Kf3 h5
34. h3 Kf5 35. Kg2 Ke6 36. Kf3 Kd6 37. c4 dxc4 38. Kxe4 cxd3 39. Kxd3 Kd5 40.
a4 a6 41. a5 g4 42. hxg4 hxg4 43. b5 cxb5 44. Ke3 b4 45. Kd3 g3 46. Ke3 b3 47.
Ke2 b2 48. Kd2 b1=Q 49. Kc3 g2 50. Kd2 g1=Q 51. Ke2 Qbd1# 0-1

[Event "Junior Online 4NCL Division 1"]
[Site "online"]
[Date "2020.04.16"]
[Round "1.81"]
[White "Rathbone-Jones, Ifan"]
[Black "Zakarian, Dimitrios Levon"]
[Result "1-0"]
[WhiteElo "1982"]
[BlackElo "1757"]
[PlyCount "45"]
[EventDate "2020.04.16"]
[WhiteTeam "To Be Decided"]
[BlackTeam "Ojays B"]

1. d4 Nf6 2. Bf4 e6 3. Nf3 c5 4. e3 d5 5. Nbd2 Nc6 6. c3 Bd6 7. Bg3 O-O 8. Bd3
b6 9. Qe2 Bb7 10. Rd1 Qc7 11. Bh4 Nd7 12. e4 dxe4 13. Nxe4 cxd4 14. cxd4 Bb4+
15. Nc3 Qf4 16. Bg3 Qg4 17. O-O Nxd4 18. Nxd4 Qxd4 19. Bxh7+ Kxh7 20. Qh5+ Kg8
21. Rxd4 Bxc3 22. Rh4 Nf6 23. Qh8# 1-0

[Event "Junior Online 4NCL Division 1"]
[Site "online"]
[Date "2020.04.16"]
[Round "1.82"]
[White "Murawski, Pawel"]
[Black "Guha, Chirag"]
[Result "1/2-1/2"]
[WhiteElo "1720"]
[BlackElo "1922"]
[PlyCount "118"]
[EventDate "2020.04.16"]
[WhiteTeam "Ojays B"]
[BlackTeam "To Be Decided"]

1. d4 d5 2. c4 e6 3. Nc3 Nf6 4. Bg5 Be7 5. e3 c6 6. Nf3 Nbd7 7. c5 O-O 8. Bd3
b6 9. b4 Bb7 10. O-O Rc8 11. Qc2 h6 12. Bf4 Nh5 13. Ne5 Nxe5 14. Bxe5 f6 15.
Bh7+ Kh8 16. Bg3 Nxg3 17. hxg3 f5 18. Bg6 Rf6 19. Bh5 g6 20. Be2 Kg7 21. f4 h5
22. Kf2 Rf8 23. Rh1 Rh8 24. Rh2 Bf6 25. Rah1 Qe7 26. g4 hxg4 27. Rxh8 Rxh8 28.
Qd1 Qf8 29. a3 Bh4+ 30. g3 Bd8 31. Kg2 Rh5 32. Rxh5 gxh5 33. Qh1 Qh8 34. Na4 b5
35. Nb2 h4 36. Nd3 h3+ 37. Kh2 Bf6 38. Qe1 Qd8 39. Nc1 Qc7 40. Nb3 Bc8 41. Bd3
Bd7 42. Bc2 Be8 43. Bd3 Bd8 44. Bc2 Qb7 45. Qc3 Bg6 46. Bd3 Be8 47. Bc2 Qf7 48.
Bd3 Qh5 49. Qe1 Qf7 50. Qc3 Bc7 51. Bc2 Qf6 52. Bb1 Bg6 53. Bc2 Qd8 54. Bb1 Qh8
55. Bc2 Kf7 56. Bb1 Ke7 57. Bc2 Be8 58. Bb1 Bf7 59. Bc2 Bg6 1/2-1/2

[Event "Junior Online 4NCL Division 1"]
[Site "online"]
[Date "2020.04.16"]
[Round "1.83"]
[White "Gurner, Jem"]
[Black "Chetverikov, Ivan"]
[Result "1/2-1/2"]
[WhiteElo "1975"]
[BlackElo "1675"]
[PlyCount "110"]
[EventDate "2020.04.16"]
[WhiteTeam "To Be Decided"]
[BlackTeam "Ojays B"]

1. d4 Nf6 2. c4 g6 3. Nc3 Bg7 4. e4 d6 5. Be2 O-O 6. Be3 e5 7. d5 Ne8 8. g4 c6
9. f3 cxd5 10. cxd5 a6 11. Qd2 b5 12. Nh3 Nd7 13. Nf2 Nb6 14. h4 Nc7 15. h5 Nd7
16. hxg6 hxg6 17. Bh6 Nc5 18. Bxg7 Kxg7 19. Qh6+ Kf6 20. Qh4+ Kg7 21. Qh7+ Kf6
22. g5+ Ke7 23. Qg7 Ne8 24. Qh7 Nc7 25. Rh6 Ke8 26. b4 Nb7 27. f4 exf4 28. Qg7
Qxg5 29. Rh8 Qe7 30. Ng4 Rxh8 31. Qxh8+ Qf8 32. Nf6+ Ke7 33. Qxf8+ Kxf8 34.
O-O-O Ke7 35. Ng4 Bxg4 36. Bxg4 Ne8 37. Rf1 g5 38. Kd2 Nf6 39. Bf5 Rh8 40. Ne2
Rh2 41. Kd3 a5 42. Rc1 Ne8 43. Nd4 Rxa2 44. bxa5 Nxa5 45. Nf3 Ra3+ 46. Ke2 Re3+
47. Kf2 f6 48. Ra1 Nc4 49. Ra7+ Kf8 50. Be6 Rb3 51. Rf7+ Kg8 52. Re7+ Kf8 53.
Rf7+ Kg8 54. Re7+ Kf8 55. Rf7+ Kg8 1/2-1/2

[Event "Junior Online 4NCL Division 1"]
[Site "online"]
[Date "2020.04.16"]
[Round "1.84"]
[White "Hertog, Alexander"]
[Black "Vanjare, Aditya"]
[Result "0-1"]
[WhiteElo "1637"]
[BlackElo "1705"]
[PlyCount "162"]
[EventDate "2020.04.16"]
[WhiteTeam "Ojays B"]
[BlackTeam "To Be Decided"]

1. c4 Nf6 2. Nc3 g6 3. d3 Bg7 4. g3 d6 5. Bg2 O-O 6. Nf3 e5 7. O-O Nbd7 8. Bd2
c6 9. Qc1 Re8 10. Re1 a5 11. Bh6 Nc5 12. Bxg7 Kxg7 13. a3 Nb3 14. Qd1 Nxa1 15.
Qxa1 Bf5 16. Nh4 Be6 17. Nf3 Qc7 18. Rc1 Rad8 19. Ng5 h6 20. Nxe6+ fxe6 21. Ne4
Nxe4 22. Bxe4 d5 23. Bg2 Rf8 24. b3 Kh7 25. Qc3 d4 26. Qd2 Qf7 27. f3 Ra8 28.
e3 Qf5 29. Re1 b6 30. Qe2 c5 31. Rf1 Rad8 32. e4 Qg5 33. a4 Qe3+ 34. Qxe3 dxe3
35. Rd1 e2 36. Re1 Rxd3 37. Rxe2 Rd1+ 38. Kf2 Rfd8 39. Ke3 R1d3+ 40. Kf2 Rxb3
41. f4 exf4 42. gxf4 Rbd3 43. f5 gxf5 44. exf5 exf5 45. Re7+ Kh8 46. Bd5 R3xd5
47. cxd5 Rxd5 48. Re6 c4 49. Rxh6+ Kg7 50. Rc6 Rc5 51. Rxb6 c3 52. Rb1 c2 53.
Rc1 Kg6 54. Ke2 Kg5 55. Kd2 Kg4 56. Rxc2 Rxc2+ 57. Kxc2 Kh3 58. Kc3 Kxh2 59.
Kd3 Kg3 60. Ke3 f4+ 61. Ke2 Kg2 62. Kd3 f3 63. Kc4 f2 64. Kb5 f1=Q+ 65. Kxa5
Qf8 66. Kb6 Qa8 67. a5 Kf3 68. a6 Ke4 69. a7 Kd5 70. Ka6 Kc6 71. Ka5 Qxa7+ 72.
Kb4 Qc5+ 73. Kb3 Qd4 74. Kc2 Qe3 75. Kb2 Kc5 76. Kc2 Kc4 77. Kb2 Qf3 78. Ka2
Kb4 79. Kb2 Qf2+ 80. Kc1 Kc3 81. Kd1 Qd2# 0-1

[Event "Junior Online 4NCL Division 1"]
[Site "online"]
[Date "2020.04.16"]
[Round "1.85"]
[White "Zakarian, Dimitrios Levon"]
[Black "Rathbone-Jones, Ifan"]
[Result "1/2-1/2"]
[WhiteElo "1757"]
[BlackElo "1982"]
[PlyCount "147"]
[EventDate "2020.04.16"]
[WhiteTeam "Ojays B"]
[BlackTeam "To Be Decided"]

1. d4 d5 2. Nf3 Bf5 3. c4 e6 4. Nc3 c6 5. Qb3 Qb6 6. c5 Qxb3 7. axb3 Nd7 8. b4
Ngf6 9. b5 Be7 10. Bf4 O-O 11. e3 Ne4 12. Nxe4 dxe4 13. Ne5 Nxe5 14. Bxe5 f6
15. Bg3 e5 16. Bc4+ Kh8 17. dxe5 Bxc5 18. O-O fxe5 19. Bxe5 cxb5 20. Bxb5 Be6
21. Rfc1 Bb6 22. Bc7 Bxc7 23. Rxc7 a6 24. Bd7 Rf7 25. Rd1 Rd8 26. Rc8 Rff8 27.
Rxd8 Rxd8 28. Ba4 Rxd1+ 29. Bxd1 Kg8 30. Kf1 Kf7 31. Ke2 b5 32. Bc2 Bd5 33. Kd2
b4 34. Bd1 Ke6 35. f3 a5 36. fxe4 Bxe4 37. g3 Kd5 38. b3 Ke5 39. Ke2 g5 40. Kf2
Bc6 41. Bc2 h5 42. h4 gxh4 43. gxh4 Be8 44. Kf3 Bc6+ 45. e4 Kd4 46. Kf4 Kc3 47.
Bd1 Be8 48. e5 Bf7 49. Kf5 Kd2 50. Bf3 Bxb3 51. Bxh5 a4 52. Kf6 a3 53. Bf7 Bxf7
54. Kxf7 a2 55. e6 a1=Q 56. e7 Qf1+ 57. Ke6 Qe1+ 58. Kd7 Qxh4 59. e8=Q Qd4+ 60.
Kc7 Qc5+ 61. Kb7 Qd5+ 62. Kc7 b3 63. Qh8 Qf7+ 64. Kb6 Qf2+ 65. Kb5 Kc2 66. Qh7+
Kc1 67. Qd3 Kb2 68. Ka4 Qf4+ 69. Kb5 Qe5+ 70. Ka4 Qc3 71. Qe2+ Qc2 72. Qe5+ Ka2
73. Qd5 Ka1 74. Qxb3 1/2-1/2

[Event "Junior Online 4NCL Division 1"]
[Site "online"]
[Date "2020.04.16"]
[Round "1.86"]
[White "Guha, Chirag"]
[Black "Murawski, Pawel"]
[Result "0-1"]
[WhiteElo "1922"]
[BlackElo "1720"]
[PlyCount "82"]
[EventDate "2020.04.16"]
[WhiteTeam "To Be Decided"]
[BlackTeam "Ojays B"]

1. d4 d5 2. c4 e6 3. Nf3 Nf6 4. g3 b6 5. Bg2 Bb7 6. O-O Be7 7. Ne5 Nbd7 8. Nc3
Qc8 9. b3 Bd6 10. f4 O-O 11. Bb2 c5 12. e3 a6 13. Kh1 cxd4 14. exd4 dxc4 15.
bxc4 Bxg2+ 16. Kxg2 Bb4 17. Qe2 Qb7+ 18. Kg1 Bxc3 19. Bxc3 Nxe5 20. fxe5 Qe4
21. Rae1 Qxe2 22. Rxe2 Nd7 23. Bb4 Rfc8 24. Rc2 b5 25. c5 a5 26. Bd2 b4 27.
Rfc1 Rc6 28. Rb2 h6 29. Ra1 Ra7 30. a3 bxa3 31. Rxa3 Nb8 32. Rxb8+ Kh7 33. Rxa5
Rxa5 34. Bxa5 Ra6 35. Bb6 Ra1+ 36. Kg2 Ra2+ 37. Kh3 g5 38. Bd8 Kg6 39. Bf6 Kf5
40. c6 g4+ 41. Kh4 Rxh2# 0-1

[Event "Junior Online 4NCL Division 1"]
[Site "online"]
[Date "2020.04.16"]
[Round "1.87"]
[White "Chetverikov, Ivan"]
[Black "Gurner, Jem"]
[Result "0-1"]
[WhiteElo "1675"]
[BlackElo "1975"]
[PlyCount "102"]
[EventDate "2020.04.16"]
[WhiteTeam "Ojays B"]
[BlackTeam "To Be Decided"]

1. d4 g6 2. Bf4 Bg7 3. e3 d6 4. Nf3 Nd7 5. Nbd2 e5 6. Bg3 Qe7 7. c3 Ngf6 8. Be2
O-O 9. O-O c6 10. Nc4 Ne4 11. Bd3 Nxg3 12. hxg3 e4 13. Bxe4 Qxe4 14. Nxd6 Qd5
15. Nxc8 Raxc8 16. Re1 Rfe8 17. Qa4 a6 18. Qc2 Nf6 19. Nd2 c5 20. Qd3 c4 21.
Qc2 Ne4 22. Nf3 b5 23. a3 Qf5 24. Qd1 Qh5 25. Qc1 Bh6 26. Ne5 Nf6 27. Qc2 Ng4
28. Nf3 Nxe3 29. fxe3 Bxe3+ 30. Kf1 Qh1+ 31. Ke2 Qxg2+ 32. Kd1 Qxf3+ 33. Re2
Bg5 34. Ke1 Qxg3+ 35. Kf1 Rxe2 36. Qxe2 Qd3 37. Ke1 Qxe2+ 38. Kxe2 Re8+ 39. Kf2
f5 40. Rf1 Kf7 41. Kf3 Kf6 42. Rd1 Re3+ 43. Kf2 Rd3 44. Re1 Rd2+ 45. Kf1 Rxb2
46. Rc1 Bxc1 47. Ke1 h5 48. Kf1 h4 49. Ke1 h3 50. Kd1 h2 51. Kxc1 Rg2 0-1

[Event "Junior Online 4NCL Division 1"]
[Site "online"]
[Date "2020.04.16"]
[Round "1.88"]
[White "Vanjare, Aditya"]
[Black "Hertog, Alexander"]
[Result "1-0"]
[WhiteElo "1705"]
[BlackElo "1637"]
[PlyCount "145"]
[EventDate "2020.04.16"]
[WhiteTeam "To Be Decided"]
[BlackTeam "Ojays B"]

1. d4 Nf6 2. c4 g6 3. Nc3 d6 4. e4 Bg7 5. Be2 O-O 6. Be3 Re8 7. f3 e6 8. Qd2 d5
9. e5 Nfd7 10. cxd5 exd5 11. Nxd5 Nc6 12. Bc4 Re6 13. Ne2 Kh8 14. O-O Qe8 15.
Nxc7 Qd8 16. Nxe6 fxe6 17. Bxe6 Ndxe5 18. dxe5 Qxd2 19. Bxd2 Bxe6 20. f4 Rd8
21. Be3 Rd3 22. Bc5 Rd2 23. Rf2 Rd5 24. Bd6 Nd8 25. Nc3 Rxd6 26. exd6 Bd4 27.
Re1 Bf7 28. d7 Be6 29. Rd1 Bxf2+ 30. Kxf2 Kg7 31. Ne4 Bf5 32. Nc5 b6 33. Nb7
Nxb7 34. d8=Q Nxd8 35. Rxd8 Be6 36. a3 Kf7 37. Ra8 a5 38. Rb8 Kf6 39. Rxb6 Kf5
40. Rxe6 Kxe6 41. Ke3 Kd5 42. Kd3 Kc5 43. g4 Kb5 44. b3 Kc5 45. f5 gxf5 46.
gxf5 Kd5 47. b4 axb4 48. axb4 Ke5 49. Kc4 Kxf5 50. Kb5 Kg4 51. Ka6 Kh3 52. b5
Kxh2 53. b6 Kg3 54. b7 h5 55. b8=Q+ Kg2 56. Qb2+ Kg3 57. Qc3+ Kg2 58. Qd2+ Kg3
59. Qe3+ Kg2 60. Qe2+ Kg3 61. Qxh5 Kf4 62. Qe8 Kf3 63. Kb5 Kf4 64. Kc4 Kf3 65.
Kd4 Kf4 66. Qf7+ Kg4 67. Ke5 Kg3 68. Ke4 Kg2 69. Ke3 Kg1 70. Ke2 Kg2 71. Qg6+
Kh2 72. Kf3 Kh3 73. Qg3# 1-0

[Event "Junior Online 4NCL Division 1"]
[Site "online"]
[Date "2020.04.23"]
[Round "2.11"]
[White "Li, Henry"]
[Black "Ratnesan, Ranesh"]
[Result "1-0"]
[WhiteElo "2304"]
[BlackElo "2132"]
[PlyCount "113"]
[EventDate "2020.04.23"]
[WhiteTeam "Gonzaga College SJ A"]
[BlackTeam "KJCA Young Kestrels A"]

1. e4 c5 2. Nc3 Nc6 3. Bb5 Nd4 4. Bc4 a6 5. d3 e6 6. Nge2 Nf6 7. O-O b5 8. Bb3
Nc6 9. Bg5 Be7 10. f4 d6 11. f5 Ne5 12. Nf4 Nfg4 13. Bxe7 Qxe7 14. Qe2 g6 15.
h3 Nf6 16. fxe6 fxe6 17. a4 b4 18. Nd1 O-O 19. Ne3 Kg7 20. Nc4 Nfd7 21. Nxe6+
Qxe6 22. Rxf8 Nxf8 23. Nb6 Qe7 24. Nxa8 Qa7 25. Bd5 Be6 26. Qf2 Bxd5 27. Rf1
Qxa8 28. Qf6+ Kg8 29. exd5 Qb8 30. c3 bxc3 31. bxc3 a5 32. d4 cxd4 33. cxd4
Ned7 34. Qf7+ Kh8 35. Re1 Qb2 36. Qf4 g5 37. Qxg5 Qxd4+ 38. Kh2 Qg7 39. Qd8 Qf6
40. Qxf6+ Nxf6 41. Re7 Nxd5 42. Ra7 Nc3 43. Rxa5 Kg7 44. Kg3 Kf6 45. Kf4 Ng6+
46. Ke3 Ne7 47. Ra8 Ke5 48. Re8 Kf6 49. a5 Nb5 50. a6 Nc6 51. Rh8 Kg7 52. Rc8
Nb4 53. a7 Nd5+ 54. Ke4 Nf6+ 55. Kf5 Nxa7 56. Rc7+ Kf8 57. Kxf6 1-0

[Event "Junior Online 4NCL Division 1"]
[Site "online"]
[Date "2020.04.23"]
[Round "2.12"]
[White "Royal, Shreyas"]
[Black "Carroll, Peter"]
[Result "0-1"]
[WhiteElo "2117"]
[BlackElo "2006"]
[PlyCount "72"]
[EventDate "2020.04.23"]
[WhiteTeam "KJCA Young Kestrels A"]
[BlackTeam "Gonzaga College SJ A"]

1. d4 Nf6 2. c4 e6 3. g3 Bb4+ 4. Bd2 a5 5. Bg2 d6 6. Nf3 Nbd7 7. O-O e5 8. Bg5
exd4 9. Nxd4 O-O 10. a3 Bc5 11. Nc3 h6 12. Bf4 Ne5 13. Nc2 Nxc4 14. b4 Bb6 15.
Na4 axb4 16. Nxb4 Bc5 17. Nxc5 dxc5 18. Nd3 Qd4 19. a4 c6 20. e3 Qd8 21. Nxc5
g5 22. Qe2 Nb6 23. Rfd1 Nfd5 24. Be5 Qe7 25. Bd4 Bf5 26. a5 Nd7 27. Nxd7 Bxd7
28. Qh5 Qe6 29. e4 Ne7 30. Bc5 Rfe8 31. Rd6 Qe5 32. Rc1 Be6 33. Qxh6 Qg7 34.
Qh5 Rxa5 35. Bd4 Qh7 36. Qxg5+ Rxg5 0-1

[Event "Junior Online 4NCL Division 1"]
[Site "online"]
[Date "2020.04.23"]
[Round "2.13"]
[White "Moran, Darragh"]
[Black "Ismail, Mohammed Aayan"]
[Result "1-0"]
[WhiteElo "1831"]
[BlackElo "2042"]
[PlyCount "101"]
[EventDate "2020.04.23"]
[WhiteTeam "Gonzaga College SJ A"]
[BlackTeam "KJCA Young Kestrels A"]

1. d4 Nf6 2. Nf3 e6 3. c4 b6 4. Bf4 Bb7 5. e3 Bb4+ 6. Nfd2 O-O 7. a3 Be7 8. Nc3
d6 9. e4 Nc6 10. Be3 Re8 11. Be2 Bf8 12. O-O e5 13. d5 Nd4 14. Nf3 c5 15. dxc6
Nxe2+ 16. Qxe2 Bxc6 17. Bg5 h6 18. Bxf6 Qxf6 19. Nd5 Bxd5 20. cxd5 Rac8 21.
Rac1 g5 22. h3 Qf4 23. Qe3 Rc5 24. b4 Rcc8 25. g3 Qxe3 26. fxe3 b5 27. g4 a5
28. Rc6 axb4 29. axb4 Rxc6 30. dxc6 f6 31. Nd2 Kf7 32. Nb1 Ke6 33. Na3 Rc8 34.
Rc1 d5 35. exd5+ Kxd5 36. c7 Bxb4 37. Nxb5 Bc5 38. Rc3 Bb6 39. Kf2 Ke6 40. Rc6+
Kd7 41. Rxb6 Ra8 42. Rd6+ Ke7 43. Rd8 Rxd8 44. cxd8=Q+ Kxd8 45. Kf3 Ke7 46. Ke4
Ke6 47. Nc3 Kf7 48. Kf5 Kg7 49. e4 h5 50. Nd5 hxg4 51. hxg4 1-0

[Event "Junior Online 4NCL Division 1"]
[Site "online"]
[Date "2020.04.23"]
[Round "2.14"]
[White "Ratnesan, Rajeiv"]
[Black "Dwyer, Daniel"]
[Result "1/2-1/2"]
[WhiteElo "2057"]
[BlackElo "1723"]
[PlyCount "145"]
[EventDate "2020.04.23"]
[WhiteTeam "KJCA Young Kestrels A"]
[BlackTeam "Gonzaga College SJ A"]

1. Nf3 d5 2. g3 c6 3. Bg2 Nf6 4. O-O Bf5 5. c4 e6 6. b3 Be7 7. Bb2 Nbd7 8. d3
O-O 9. Re1 Qc7 10. Nc3 Bg4 11. h3 Bxf3 12. Bxf3 d4 13. Ne4 Nxe4 14. Bxe4 f5 15.
Bg2 Bf6 16. Qd2 e5 17. b4 a5 18. a3 c5 19. b5 Rae8 20. e3 b6 21. exd4 cxd4 22.
Re2 Nc5 23. Rae1 Qd6 24. f4 h6 25. Bd5+ Kh8 26. Bxd4 Nb3 27. fxe5 Nxd2 28. exd6
Bxd4+ 29. Kg2 Rxe2+ 30. Rxe2 Rd8 31. Rxd2 Rxd6 32. Re2 Bc5 33. a4 Kh7 34. Re6
Rxe6 35. Bxe6 Kg6 36. Kf3 Kf6 37. Bd5 Ke5 38. Ke2 g5 39. Bf3 Kd4 40. Kd2 Bd6
41. g4 f4 42. Be4 Bb4+ 43. Ke2 Kc3 44. d4 Kxd4 45. Bc2 Kxc4 46. Kf3 Kc3 47. Bd1
Bc5 48. Be2 Kd2 49. Bc4 Be3 50. Be2 Kc3 51. Bd1 Bd4 52. Be2 Bc5 53. Bd1 Kd2 54.
Bb3 Ke1 55. Bc4 Be3 56. Be2 Kd2 57. Bc4 Kc3 58. Be2 Kb3 59. Bd1+ Kb2 60. Be2
Kc1 61. Bc4 Kc2 62. Be2 Bc5 63. Bc4 Kc3 64. Be2 Kd4 65. Bd1 Bb4 66. Bb3 Bd2 67.
Bd1 Be3 68. Bb3 Ke5 69. Bd1 Kf6 70. Bb3 Kg6 71. Bc2+ Kf6 72. Bd3 Kg7 73. Bc2
1/2-1/2

[Event "Junior Online 4NCL Division 1"]
[Site "online"]
[Date "2020.04.23"]
[Round "2.15"]
[White "Ratnesan, Ranesh"]
[Black "Li, Henry"]
[Result "0-1"]
[WhiteElo "2132"]
[BlackElo "2304"]
[PlyCount "80"]
[EventDate "2020.04.23"]
[WhiteTeam "KJCA Young Kestrels A"]
[BlackTeam "Gonzaga College SJ A"]

1. Nf3 Nf6 2. c4 g6 3. b4 Bg7 4. Bb2 O-O 5. g3 a5 6. b5 d5 7. cxd5 Qxd5 8. a4
Nbd7 9. Bg2 Nc5 10. O-O Qh5 11. d3 Bh3 12. Nbd2 Rad8 13. Qc2 Rd5 14. e4 Rxd3
15. Bxh3 Qxh3 16. Qxc5 Nxe4 17. Nxe4 Bxb2 18. Rad1 Rxf3 19. Ng5 Qh5 20. Rd5 Rf5
21. Rxf5 gxf5 22. h4 Qg4 23. Kg2 Bf6 24. Nf3 f4 25. Qxc7 fxg3 26. fxg3 Qe4 27.
Qxa5 Rc8 28. Rf2 Rc3 29. Qd8+ Kg7 30. Qd2 Qxa4 31. Ng5 Qc4 32. Nh3 Qe4+ 33. Kh2
Rd3 34. Qc2 Be5 35. Nf4 Bxf4 36. Rxf4 Qe3 37. Rg4+ Kh6 38. Qc7 Qe2+ 39. Kh3
Qf1+ 40. Kh2 Rd2# 0-1